000 00746nam a2200193Ia 4500
005 20250103123328.0
008 008 250103s9999 xx 000 0 hin d
020 _a978-93-87648-07-4
037 _aTB
040 _aCRL
_bhin
_cCRL
041 _ahin
_2hin
084 _aY72.2 152Q7
_qCRL
100 _aमीना, जनक सिंह, संपा.
_9160894
245 0 _aभारत के आदिवासी: चुनौतियॉं एवं सम्भावनाएॅं
_cमीना, जनक सिंह, संपा.
260 _aनई दिल्ली, भारत
_bवाणी प्रकाशन
_c2017
300 _a243पृ0
942 _cTB
_hY72.2 152Q7
999 _c1234388
_d1234388